| 000 | 00972cab a2200277 4500 | ||
|---|---|---|---|
| 001 | ABS58734 | ||
| 008 | 090401t1998 xxu||||| |||| 00| 0 eng d | ||
| 035 | _a(Sirsi) u86477 | ||
| 041 | _aeng | ||
| 100 | _aDraper, M. | ||
| 245 | _aConsent problems | ||
| 260 | _c1998 | ||
| 350 | _a0 | ||
| 490 |
_aSolicitors` Journal _v142(19) 15 may 1998, 450-451(2) |
||
| 520 | _aReviews recent case law concerned with consent by a landlord to a tenant`s application for disposal. Considers issues of `reasonable time`, costs, refusal, and what information the landlord can reasonably request. | ||
| 650 | _aDISPOSAL | ||
| 650 | _aDONG BANG MINERVA (UK) LTD V DAVINA LTD | ||
| 650 | _aLANDLORD AND TENANT ACT 1988 | ||
| 650 | _aNORWICH UNION LIFE ASSURANCE SOCIETY V SHOPMOOR LTD | ||
| 650 | _aREASONABLE COSTS | ||
| 650 | _aREASONABLE TIME | ||
| 650 | _aREFUSAL OF CONSENT | ||
| 690 | _aLANDLORD AND TENANT-BUSINESS TENANCIES | ||
| 942 | _n0 | ||
| 948 | _c29/05/1998 | ||
| 999 |
_c54435 _d54435 |
||